01623nam a2200313 a 4500001001000000005001700010008004100027041000800068044000800076084002000084100005000104245012100154260002900275300002200304500020700326500018000533500015700713500001000870546002400880650005700904650006100961650003901022650005001061740005001111902000801161942001101169999001501180952011401195BRCA_321020190320204151.0270209s1755----enka---###---#000-0#eng-# aeng aenk a511b.M55c17551 aCervantes Saavedra, Miguel ded1547-1616921310aThe History and Adventures of the Ronowned Don QuixotecTranslated from the Spanish of Miguel de Cervantes Saavedra. aLondresbA. Millarc1755 a2 v.bil.c30 cm. aContenido : v.1. Primera parte. Vida de Cervantes por Smollett. Nota del traductor. Prólogo del autor. -- v.2. Segunda parte. Prólogo de Cervantes. Aprobaciones y licencia de la edición príncipe aEdición : To which is Prefixed, some Account of the Author´s Life by T. Smollett. Illustrated whith 28 new Copper-Plates Designed by Hayman and Engraved by the Best Artists aEjemplar similar al anterior [510]; la diferencia consiste en que el presente sustituye las láminas de Hayman con las de Coypel. Piel Lúdovik Osterc aQM413 aTexto en : inglés14aNovela españolayÉpoca clásica, 1500-1700921514aLiteratura españolayÉpoca clásica, 1500-1700921614aNovela españolaySiglo XVII921714aDon Quijote (Personaje ficticio)eNovela92180 aEl Ingenioso Hidalgo Don Quijote de la Mancha aQFM 2lcccB c2946d2946 00104070aBRCAbBRCAd2009-02-27iQM413l0o511 .M55 1755 (QM413)p3207r2019-03-22 00:00:00w2019-03-22yB